Estadísticas para Países con los velocistas más rápidos de 100 metros

Haz click aquí para intentar la prueba.

Estadísticas generales

  • Esta prueba ha sido intentada 1.719 veces
    (207 desde el último reinicio)
  • La puntuación promedio es 8 de 10

Estadísticas de respuestas

#Mejor TiempoMejor VelocistaPaís% Correcto
629,69Tyson GayEstados Unidos
99%
269,58Usain BoltJamaica
99%
119,83Zharnel HughesReino Unido
93%
49,84Donovan BaileyCanadá
92%
49,95Ryota YamagataJapón
89%
49,86Jimmy VicautFrancia
86%
139,85Olusoji FasubaNigeria
75%
79,84Akani SimbineSudáfrica
72%
69,82Richard ThompsonTrinidad y Tobago
52%
49,90Benjamin AzamatiGhana
44%

Distribución de puntuación

Porcentaje por número respondido

Porcentaje de gente con cada puntuación

Historial de tus puntuaciones

No has intentado esta prueba desde el último reinicio